Film Allgemeinwissen Quiz #6 - Statistiken

Allgemein
  • Dieses Quiz wurde 105 mal gespielt
    88 seit der letzten Aktualisierung
  • Das Durchschnittsergebnis liegt bei 14 aus 20
Antwortstatistiken
Frage Antwort % Korrekt
Wie heißt der Zeichentrick-Elefant mit den großen Ohren? Dumbo
96%
In welchem Film steuert eine Ratte einen Koch mithilfe von dessen Haaren? Ratatouille
92%
Welchen Namen trägt der rothaarige Freund von Harry Potter? Ron Weasley
92%
Welcher spätere US-Präsident hat einen Cameo-Auftritt im Weihnachtsfilm "Kevin – Allein in New York"? Donald Trump
89%
Welches ist die Originalsprache des Films "Ziemlich beste Freunde"? Französisch
89%
In welchem Land spielen die Filme "Die zehn Gebote", "Jäger des verlorenen Schatzes" und "Die Mumie"? Ägypten
86%
In welchem Land wurden die Filmreihen "Mad Max" und "Crocodile Dundee" produziert? Australien
85%
Mit wem trat Bud Spencer oft im Duo auf? Terence Hill
85%
In welcher Shakespeare-Verfilmung spielten Leonardo DiCaprio und Claire Danes die Hauptrollen? Romeo + Julia
81%
Wie heißt der Darsteller von Iron Man? Robert Downey Jr.
76%
Durch welche Filmreihe wurde das Brüderpaar Jimi Blue und Wilson Gonzalez Ochsenknecht bekannt? Die wilden Kerle
72%
In welchem heutigen Land befindet sich die Stadt Troja aus dem gleichnamigen Film? Türkei
68%
Welcher Film von Christopher Nolan erschien 2023? Oppenheimer
64%
Wie heißt der Dschinni-Darsteller in der Realverfilmung von "Aladdin" aus dem Jahr 2019? Will Smith
60%
Welches Buch diente als Vorlage für Filme wie "Die größte Geschichte aller Zeiten", "Samson und Delila" und "Der Prinz von Ägypten"? Bibel
53%
Wie ist der Name des tintenfischartigen Kapitäns der Flying Dutchman aus den "Fluch der Karibik"-Filmen? Davy Jones
44%
Welcher Animationsfilm handelt von singenden und tanzenden Pinguinen? Happy Feet
43%
Wie ist der Name des schwulen Zwillingsbruders von Abahachi in der Komödie "Der Schuh des Manitu"? Winnetouch
39%
Was war Han Solos Antwort auf Prinzessin Leias Zuruf "Ich liebe dich" in "Das Imperium schlägt zurück"? Ich weiß
35%
Wer spielte die Hauptrolle in der Filmklassikern "Casablanca" und "Die Spur des Falken"? Humphrey Bogart
26%
Keine übereinstimmenden Quizze gefunden
Verteilung der Resultate
Anzahl Personen mit jedem Resultat
Perzentil nach korrekt beantworteten Fragen
Ihre Resultats-Entwicklung
Sie haben dieses Quiz seit der letzten Aktualisierung nicht gespielt